[Event "Gipuzkoa ch"]
[Site "Donostia"]
[Date "2013.11.09"]
[Round "6"]
[White "Kuende Gorostidi, Jon"]
[Black "Nogues Fernandez, Ramon"]
[Result "1-0"]
[WhiteElo "1799"]
[BlackElo "1934"]

1.e4 d6 2.Nf3 e5 3.d4 Nf6 4.Bg5 Be7 5.Nc3 Nbd7 6.Bb5 c6 7.dxe5 dxe5 8.Bd3 
O-O 9.Qe2 b5 10.a3 Qc7 11.O-O Nc5 12.Nd2 Ne6 13.Nf3 Nxg5 14.Nxg5 h6 15.Nf3
Bg4 16.h3 Be6 17.Nh2 Bc5 18.Kh1 Bd6 19.Rae1 a5 20.f4 b4 21.axb4 axb4 22.f5
Bc8 23.Nd1 Be7 24.Ne3 Rd8 25.Nhg4 Rd4 26.Nxf6+ Bxf6 27.Ra1 Rxa1 28.Rxa1 
Rd8 29.Bc4 Bd7 30.Ng4 Qd6 31.Rd1 Qe7 32.Qd3 Bg5 33.Qg3 Bf6 34.Nxh6+ Kf8 
35.Nxf7 Ra8 36.Nh8 Be8 37.Ng6+ Bxg6 38.Qxg6 Qe8 39.Qh7 Rd8 40.Qg8+ Ke7 41.
Qe6+ Kf8 42.Rxd8 Bxd8 43.Qg8+ Ke7 44.Qxg7+ Kd6 45.f6 1-0

[Event "Gipuzkoa ch"]
[Site "Donostia"]
[Date "2013.11.09"]
[Round "6"]
[White "Ros Eskisabel, Jose Ramon"]
[Black "Cantabrana Garona, Alejandro"]
[Result "1-0"]
[WhiteElo "2124"]
[BlackElo "1789"]

1.d4 g6 2.c4 Bg7 3.e4 d6 4.Nc3 Nc6 5.Be3 e5 6.d5 Nce7 7.c5 f5 8.cxd6 cxd6 
9.Qa4+ Kf7 10.Nf3 h6 11.Bd3 Nf6 12.O-O f4 13.Bd2 Bg4 14.Ne1 a6 15.Qb3 g5 
16.Qxb7 Rb8 17.Qxa6 Rxb2 18.Nc2 f3 19.g3 Bc8 20.Qa4 Nd7 21.Be3 Ng6 22.Qa3 
Rxc2 23.Bxc2 Qf6 24.Nb5 Bf8 25.Na7 Be7 26.Kh1 h5 27.Bd3 g4 28.Rac1 Ngf8 
29.Nxc8 h4 30.Rc2 hxg3 31.fxg3 Rh3 32.Nxe7 Qh8 33.Nf5 1-0

[Event "Gipuzkoa ch"]
[Site "Donostia"]
[Date "2013.11.09"]
[Round "6"]
[White "Fuente San Sebastian, Ernesto"]
[Black "Galarraga Lasa, Jon Gurutz"]
[Result "1/2-1/2"]
[WhiteElo "1866"]
[BlackElo "1914"]

1.e4 c6 2.d4 d5 3.e5 Bf5 4.g4 Bd7 5.Nc3 e6 6.Be3 Qc7 7.a3 c5 8.f4 cxd4 9.
Bxd4 Bc5 10.Nb5 Bxb5 11.Bxb5+ Nd7 12.Ne2 Ne7 13.Qd3 Nc6 14.Qc3 Nxd4 15.
Nxd4 Qb6 16.O-O-O Bxd4 17.Bxd7+ Kxd7 18.Qxd4 Qb5 19.Rd3 Rhc8 20.Qe3 Rc4 
21.Rd4 Qc5 22.c3 Rc8 23.Rhd1 b5 24.R1d3 b4 25.axb4 Qxb4 26.Rxc4 Qxc4 27.
Qxa7+ Rc7 28.Qd4 Qa6 29.Rd1 Rc4 30.Qd3 Qa1+ 31.Kc2 Qa4+ 32.Kb1 Rxf4 33.Rf1
Ke7 34.Rxf4 Qxf4 35.Qe2 Qc4 36.Qf2 Qe4+ 37.Qc2 Qxe5 38.Qxh7 Qg5 39.Qh3 e5 
40.b4 Qd2 41.Qg3 Ke6 42.b5 Qd1+ 43.Kb2 Qe2+ 44.Kc1 Qxb5 45.Qf2 Qa5 46.Qf5+
Kd6 47.Kb2 Qb5+ 48.Kc2 Qa4+ 49.Kb2 Qf4 50.Qc8 Qxh2+ 51.Kb3 Qf4 52.Qf8+ Kd7
53.Qxg7 e4 54.Qd4 Qb8+ 55.Kc2 Ke6 56.Qg7 Qh2+ 57.Kb3 Qd2 58.Qh8 e3 59.Qe8+
Kf6 60.Qd8+ Ke5 61.Qg5+ Kd6 62.Qf6+ Kc5 63.Qe7+ Kc6 64.Qf6+ Kb5 65.Qxf7 
Qd1+ 66.Kb2 Kc4 67.Qf4+ Kd3 68.Qd4+ Ke2 69.Qf4 Qf1 70.Qd4 Qg2 71.Kc1 Qf1+ 
72.Kc2 Kf3 73.Qxd5+ Kxg4 74.Qe4+ Qf4 1/2-1/2

[Event "Gipuzkoa ch"]
[Site "Donostia"]
[Date "2013.11.09"]
[Round "6"]
[White "Zubia Aramburu, Mikel"]
[Black "Salterain Gonzalez, Galder"]
[Result "1-0"]
[WhiteElo "1820"]
[BlackElo "1939"]

1.c4 e5 2.Nc3 Bb4 3.Qc2 Nf6 4.g3 c6 5.Bg2 O-O 6.Nf3 d6 7.O-O Be6 8.d3 h6 
9.a3 Ba5 10.b4 Bc7 11.Bb2 Qd7 12.Rfd1 Bh3 13.d4 Bxg2 14.Kxg2 Qe7 15.dxe5 
dxe5 16.Nh4 g6 17.Ne4 Nbd7 18.Rd2 Rad8 19.Rad1 Nxe4 20.Qxe4 Qe6 21.Qe3 g5 
22.Nf3 f6 23.Qxa7 e4 24.Nd4 Qxc4 25.Qxb7 Be5 26.Qxc6 Qc2 27.Qxc2 1-0

[Event "Gipuzkoa ch"]
[Site "Donostia"]
[Date "2013.11.09"]
[Round "6"]
[White "Burgana Lardizabal, Jose Angel"]
[Black "Izagirre Alsua, Aritz"]
[Result "1/2-1/2"]
[WhiteElo "1769"]
[BlackElo "1925"]

1.d4 d5 2.Nf3 Nf6 3.Bf4 c6 4.e3 a6 5.h3 e6 6.Nbd2 c5 7.c3 Nc6 8.Bd3 Be7 9.
O-O O-O 10.dxc5 Bxc5 11.Nb3 Bd6 12.Bxd6 Qxd6 13.Nbd4 Ne7 14.Bc2 e5 15.Ne2 
Rd8 16.Ng3 h6 17.Qe2 Be6 18.Rfd1 Nc6 19.a3 Qc7 20.Rac1 Rd7 21.Bb1 Re8 22.
Qc2 e4 23.Nd4 Ne5 24.Qa4 Nc4 25.Qc2 Nxe3 26.Nxe6 fxe6 27.fxe3 Qxg3 28.Qe2 
Rf8 29.Rf1 Rdf7 30.c4 Nd7 31.cxd5 exd5 32.Ba2 Qe5 33.Rxf7 Rxf7 34.Rc3 Kh7 
35.Qe1 Nf6 36.Rc2 Nh5 37.Rd2 Rd7 38.Qd1 Nf6 39.Bb3 g5 40.Qe1 Kg7 41.Ba4 b5
42.Bd1 d4 43.exd4 Rxd4 44.Rf2 Nd5 45.Bg4 Nf4 46.Qa5 Qd6 47.Qc3 Kg6 48.Qc8 
Kg7 49.Qb7+ Kg6 50.Qc8 Kg7 51.Qb7+ Kg6 1/2-1/2

[Event "Gipuzkoa ch"]
[Site "Donostia"]
[Date "2013.11.09"]
[Round "6"]
[White "Rodriguez Cabrera, Fco. Javier"]
[Black "Mendia Rezola, Jokin"]
[Result "1-0"]
[WhiteElo "1902"]
[BlackElo "1713"]

1.e4 e5 2.d4 exd4 3.Qxd4 Nc6 4.Qe3 b6 5.Nc3 Bc5 6.Qe2 Bb7 7.Bd2 Nd4 8.Qd3 
Nf6 9.O-O-O Qe7 10.Nd5 Qd8 11.Nxf6+ Qxf6 12.Bc3 Qf4+ 13.Kb1 Ne6 14.Qxd7+ 
Kf8 15.Nh3 Qxe4 16.Bb5 Bd6 17.Rhe1 Qf5 18.Rxd6 cxd6 19.Qxb7 Rd8 20.Bd3 Qc5
21.Rxe6 1-0

[Event "Gipuzkoa ch"]
[Site "Donostia"]
[Date "2013.11.09"]
[Round "6"]
[White "Elduayen Echave, Ramon"]
[Black "Aparicio Mola, Luis"]
[Result "1-0"]
[WhiteElo "1704"]
[BlackElo "1537"]

1.e4 e6 2.Nc3 d5 3.Nf3 Nf6 4.e5 Nfd7 5.d4 c5 6.Bg5 Qb6 7.a3 cxd4 8.Nxd4 
Nc6 9.Be3 Bc5 10.Na4 Qc7 11.Nxc5 Nxc5 12.f4 Bd7 13.Nb5 Qa5+ 14.b4 Nxb4 15.
axb4 Qxb4+ 16.c3 Qe4 17.Nd6+ 1-0

[Event "Gipuzkoa ch"]
[Site "Donostia"]
[Date "2013.11.16"]
[Round "7"]
[White "Argandona Riveiro, Inigo"]
[Black "Lakunza Oyarbide, Juan Carlos"]
[Result "1/2-1/2"]
[WhiteElo "2408"]
[BlackElo "2120"]

1.e4 e5 2.Nf3 Nc6 3.Bb5 a6 4.Bxc6 dxc6 5.O-O f6 6.d4 Bg4 7.dxe5 Qxd1 8.
Rxd1 fxe5 9.Nbd2 O-O-O 10.Re1 Bd6 11.h3 Bh5 12.Nh4 Rf8 13.Nc4 Ne7 14.Nf5 
Nxf5 15.exf5 Re8 16.Bd2 Bf7 17.Ne3 Bd5 18.Bc3 Rhf8 19.Rad1 Bf7 20.Rd2 h5 
21.b3 b5 22.Rde2 g6 23.Nd1 Bd5 24.fxg6 Rg8 25.Bxe5 Rxg6 26.Bxd6 Rxe2 27.
Rxe2 Rxg2+ 28.Kf1 cxd6 29.Ne3 Rg5 30.h4 Re5 31.Rd2 Kd7 32.Nxd5 cxd5 33.f3 
Kc6 34.Rd3 Kc5 35.Rc3+ Kd4 36.Rd3+ Kc5 37.Rc3+ Kd4 38.Rd3+ Kc5 39.Rc3+ Kb4
40.Rc6 a5 41.Kf2 Ka3 1/2-1/2

[Event "Gipuzkoa ch"]
[Site "Donostia"]
[Date "2013.11.16"]
[Round "7"]
[White "Guijarro Galan, Jose Luis"]
[Black "Alcaide Luque, Aitor"]
[Result "0-1"]
[WhiteElo "2178"]
[BlackElo "2164"]

1.e4 e6 2.d3 c5 3.g3 Nc6 4.Nf3 g6 5.Bg2 Bg7 6.O-O Nge7 7.c3 e5 8.Be3 d6 9.
d4 cxd4 10.cxd4 Bg4 11.d5 Bxf3 12.Bxf3 Nd4 13.Bxd4 exd4 14.Nd2 O-O 15.Nb3 
Qb6 16.Qd3 f5 17.Rad1 fxe4 18.Bxe4 Nf5 19.g4 Nh6 20.h3 Rf4 21.f3 Nf7 22.
Kg2 Ng5 23.Rfe1 Raf8 24.h4 Nxf3 25.Bxf3 Rxf3 26.Qxf3 Rxf3 27.Kxf3 Be5 28.
Ke4 Qd8 29.Nxd4 Qxh4 30.Rg1 Qf2 31.Rgf1 Qg2+ 32.Ke3 Qxd5 33.b3 Qc5 34.Ke4 
Bxd4 35.Rxd4 Qe5+ 36.Kd3 Qb5+ 0-1

[Event "Gipuzkoa ch"]
[Site "Donostia"]
[Date "2013.11.16"]
[Round "7"]
[White "Perez Cela, David"]
[Black "Sanchez Ruesga, Hector"]
[Result "0-1"]
[WhiteElo "2036"]
[BlackElo "2074"]

1.c4 Nf6 2.Nc3 e6 3.Nf3 d5 4.d4 Be7 5.Bg5 O-O 6.e3 h6 7.Bh4 b6 8.Bxf6 Bxf6
9.Qb3 c6 10.Rd1 Bb7 11.cxd5 exd5 12.Bd3 Nd7 13.O-O Be7 14.Rfe1 Bd6 15.e4 
dxe4 16.Nxe4 Nf6 17.Nxf6+ Qxf6 18.Ne5 c5 19.Be4 Bxe4 20.Rxe4 Rad8 21.Nf3 
Rfe8 22.Rxe8+ Rxe8 23.dxc5 Bxc5 24.Qc2 Qe6 25.Qa4 Qe2 26.Rf1 Rd8 27.Qh4 
Rd1 0-1

[Event "Gipuzkoa ch"]
[Site "Donostia"]
[Date "2013.11.16"]
[Round "7"]
[White "Kuende Gorostidi, Jon"]
[Black "Galarza Cenzano, Inigo"]
[Result "1-0"]
[WhiteElo "1799"]
[BlackElo "2034"]

1.e4 d5 2.exd5 Qxd5 3.Nc3 Qa5 4.d4 Nf6 5.Bc4 c6 6.Bd2 Bf5 7.Nd5 Qd8 8.Ne3 
Bg6 9.Ne2 e6 10.f4 Bd6 11.O-O Qc7 12.f5 Bxh2+ 13.Kh1 Ne4 14.fxe6 fxe6 15.
Ng4 Bg3 16.Bf4 Bxf4 17.Nxf4 Nd7 18.Nxe6 Qg3 19.Rf4 Ndf6 20.Nxg7+ Kf8 21.
Ne6+ Ke7 22.Rxf6 Qxg4 23.Qxg4 Kxf6 24.Qf4+ Ke7 1-0

[Event "Gipuzkoa ch"]
[Site "Donostia"]
[Date "2013.11.16"]
[Round "7"]
[White "Navascues Zabaleta, Jesus"]
[Black "Tung, Siu Hung"]
[Result "0-1"]
[WhiteElo "1778"]
[BlackElo "1850"]

1.e4 d6 2.Nf3 c5 3.d4 cxd4 4.Nxd4 Nf6 5.Nc3 g6 6.Be3 Bg7 7.f3 a6 8.Qd2 Nc6
9.O-O-O Qc7 10.Kb1 b5 11.Nxc6 Qxc6 12.Nd5 Be6 13.Nxf6+ Bxf6 14.Bd4 Bxd4 
15.Qxd4 O-O 16.Bd3 Rfc8 17.f4 Qc5 18.Qxc5 Rxc5 19.Rhf1 f6 20.b3 a5 21.Rc1 
b4 22.Kb2 Kg7 23.Rfe1 a4 24.c4 bxc3+ 25.Rxc3 axb3 26.Rxc5 Rxa2+ 27.Kc3 
dxc5 28.Re2 c4 0-1

[Event "Gipuzkoa ch"]
[Site "Donostia"]
[Date "2013.11.16"]
[Round "7"]
[White "Garro Beraza, Julen"]
[Black "Ros Eskisabel, Jose Ramon"]
[Result "1/2-1/2"]
[WhiteElo "1986"]
[BlackElo "2124"]

1.e4 c6 2.d4 d5 3.exd5 cxd5 4.Bd3 Nc6 5.c3 Qc7 6.Ne2 Bg4 7.f3 Bd7 8.Bf4 e5
9.dxe5 Nxe5 10.Bc2 Bd6 11.Bg3 Ne7 12.Nd4 O-O 13.O-O Rfe8 14.Nd2 a6 15.Re1 
Rad8 16.Rc1 N7g6 17.Nf1 Nc4 18.Bxd6 Qxd6 19.Rb1 b5 20.Bd3 Nge5 21.Bc2 Qc5 
22.Ng3 g6 23.Qc1 Qf8 24.Qf4 Qg7 25.Nf1 Re7 26.Ne3 Bc8 27.Nxc4 dxc4 28.Rbd1
Rde8 29.Be4 Nd3 30.Rxd3 cxd3 31.Rd1 Bb7 32.Bxd3 Re1+ 33.Rxe1 Rxe1+ 34.Kf2 
Qe5 35.Qxe5 Rxe5 36.f4 Re7 37.g3 Kf8 38.h4 Be4 39.Be2 Rb7 40.Nb3 Rb6 41.
Nc5 Bc6 42.a3 a5 43.b4 axb4 44.axb4 Ke7 45.Ke3 Rb8 46.h5 Ra8 47.hxg6 hxg6 
48.Nd3 Kd6 49.Kd4 Ra2 50.Bd1 Rg2 51.g4 f6 52.Ke3 Rg3+ 53.Kd4 Bd7 54.Nf2 
Bc6 55.f5 gxf5 56.gxf5 Rg1 57.Bb3 Rf1 58.Ke3 Re1+ 59.Kd2 Rf1 60.Ke3 Bd7 
61.Bc2 Re1+ 62.Kd2 Re5 63.Ne4+ Ke7 64.Ng3 Rd5+ 65.Ke3 Kd6 66.Be4 Rd1 67.
Ke2 Rc1 68.Kd2 Ra1 69.Bd3 Ra2+ 70.Ke3 Ke5 71.Ne2 Ra3 72.Kd2 Ra2+ 73.Ke3 
Ra3 74.Kd2 Ra2+ 1/2-1/2

[Event "Gipuzkoa ch"]
[Site "Donostia"]
[Date "2013.11.16"]
[Round "7"]
[White "Segovia Sanchez, Antonio"]
[Black "Fernandez Zubitur, Jokin"]
[Result "1-0"]
[WhiteElo "2059"]
[BlackElo "1983"]

1.d4 Nf6 2.Nf3 e6 3.c3 c5 4.e3 Nc6 5.Bd3 d5 6.O-O Bd6 7.Nbd2 O-O 8.dxc5 
Bxc5 9.e4 e5 10.exd5 Qxd5 11.Bc4 Qd6 12.Qc2 Be6 13.Ne4 Nxe4 14.Qxe4 Bxc4 
15.Qxc4 Rad8 16.Bg5 Qd5 17.Qa4 f6 18.Rad1 Qe6 19.Bc1 Bb6 20.h3 Rxd1 21.
Rxd1 Rd8 22.Rxd8+ Nxd8 23.Nd2 Qc6 24.Qh4 Qd5 25.a4 Ne6 26.Qc4 Qxc4 27.Nxc4
Nc5 28.a5 Bc7 29.Be3 b6 30.Kf1 Kf7 31.Ke2 Ke6 32.b4 Na4 33.Kd3 Kd5 34.
Nxb6+ axb6 35.c4+ Kc6 36.b5+ Kd6 37.a6 Bb8 38.f3 g6 39.Kc2 f5 40.Kb3 Nc5+ 
41.Kb4 Ba7 42.Kc3 Ne6 43.Bc1 Nf4 44.Bxf4 exf4 45.Kd4 g5 46.Kd3 Kc5 47.Kc3 
Bb8 48.Kd3 Ba7 49.Kc3 Kd6 50.Kd4 Ke6 51.Kd3 Ke5 52.Kc3 h6 53.Kd3 Ke6 54.
Kd4 Kd6 55.Kd3 Kc5 56.Kc3 Bb8 57.Kd3 Kb4 58.Kd4 Ba7 59.Kd5 g4 60.Kc6 gxh3 
61.gxh3 Kxc4 62.Kb7 Kd5 1-0

[Event "Gipuzkoa ch"]
[Site "Donostia"]
[Date "2013.11.16"]
[Round "7"]
[White "Irure Crespo, Egoitz"]
[Black "Rodriguez Cabrera, Fco. Javier"]
[Result "1/2-1/2"]
[WhiteElo "1996"]
[BlackElo "1902"]

1.d4 d5 2.Nf3 c5 3.c3 cxd4 4.cxd4 Nf6 5.Nc3 Nc6 6.Bf4 Qb6 7.Qd2 Bf5 8.e3 
Rc8 9.Ne5 e6 10.a3 Be7 11.Nxc6 bxc6 12.b4 Ne4 13.Nxe4 Bxe4 14.Bd3 Bxd3 15.
Qxd3 Qb5 16.Kd2 O-O 17.Rhc1 g5 18.Be5 f6 19.Bg3 Qb7 20.Rc2 a5 21.bxa5 Ra8 
22.Qc3 Rfc8 23.Rb2 Qa6 24.a4 Bd8 25.Qd3 Bxa5+ 1/2-1/2

[Event "Gipuzkoa ch"]
[Site "Donostia"]
[Date "2013.11.16"]
[Round "7"]
[White "Alvarado Fernandez, Mikel"]
[Black "Fuente San Sebastian, Ernesto"]
[Result "1-0"]
[WhiteElo "1961"]
[BlackElo "1866"]

1.d4 d5 2.Nf3 c5 3.Nc3 cxd4 4.Qxd4 Nf6 5.e4 Nc6 6.Bb5 Bd7 7.Bxc6 Bxc6 8.e5
Ne4 9.e6 fxe6 10.Ne5 Qb6 11.Qxb6 axb6 12.Nxe4 dxe4 13.Be3 b5 14.O-O Bd5 
15.a4 bxa4 16.c4 Bc6 17.b4 g6 18.b5 Bg7 19.bxc6 Bxe5 20.cxb7 Ra6 21.Bd4 
Ra8 22.Be3 Rd8 23.Rxa4 O-O 24.c5 1-0

[Event "Gipuzkoa ch"]
[Site "Donostia"]
[Date "2013.11.16"]
[Round "7"]
[White "Fernandez Del Pozo, Anibal"]
[Black "Cejudo Urdampilleta, Jose Manu"]
[Result "0-1"]
[WhiteElo "1853"]
[BlackElo "1922"]

1.d4 Nf6 2.c4 e6 3.Nc3 d5 4.e3 Be7 5.Nf3 O-O 6.Bd3 a6 7.Qc2 dxc4 8.Bxc4 c5
9.dxc5 Bxc5 10.O-O Nc6 11.a3 Be7 12.b4 b5 13.Bd3 Bb7 14.Rd1 Qb6 15.Bb2 
Rac8 16.Qe2 Rfd8 17.Ne4 Nxe4 18.Bxe4 Rxd1+ 19.Rxd1 Rd8 20.Rc1 Rc8 21.Nd2 
Bf8 22.Nb3 f5 23.Bf3 Bd6 24.Nc5 Bxc5 25.Rxc5 Ne7 26.Qc2 Rxc5 27.bxc5 Qc7 
28.Bxb7 Qxb7 29.Qc3 Nd5 30.Qe5 Qd7 31.c6 Qe7 32.f3 h6 33.e4 fxe4 34.fxe4 
Nc7 35.Qg3 Ne8 36.Be5 Qc5+ 37.Kf1 Qxc6 38.Qd3 a5 39.Bc3 Nf6 40.Qd8+ Kf7 
41.Qxa5 Qc4+ 42.Kg1 Qxe4 43.Qc7+ Kg6 44.h3 Nh5 45.Be5 Nf6 46.Qb8 Qd5 47.
Kh2 Kh7 48.Bxf6 gxf6 49.Qf8 Qe5+ 50.Kh1 Qe1+ 51.Kh2 Kg6 52.Qe8+ Kg5 53.
Qxb5+ e5 54.Qd7 h5 55.Qg7+ Kf5 56.g4+ Ke6 57.gxh5 Qe2+ 58.Qg2 Qxh5 59.Qc6+
Kf5 60.Qc2+ Ke6 61.Qc6+ Kf5 62.Qd7+ Ke4 63.Qg4+ Qxg4 64.hxg4 Kd3 65.Kg2 e4
66.Kf2 Kd2 0-1

[Event "Gipuzkoa ch"]
[Site "Donostia"]
[Date "2013.11.16"]
[Round "7"]
[White "Galarraga Lasa, Jon Gurutz"]
[Black "Zubia Aramburu, Mikel"]
[Result "0-1"]
[WhiteElo "1914"]
[BlackElo "1820"]

1.d4 d5 2.Nf3 Nf6 3.c4 c6 4.Nc3 e6 5.Bf4 Be7 6.e3 Nbd7 7.Bd3 dxc4 8.Bxc4 
b5 9.Bd3 a6 10.Rc1 c5 11.dxc5 Nxc5 12.Bb1 O-O 13.O-O Bb7 14.Be5 Qb6 15.b4 
Ncd7 16.Bd4 Qc6 17.e4 Bxb4 18.Nd5 Qd6 19.Nxf6+ gxf6 20.Qb3 Rac8 21.Bxf6 
Rxc1 22.Rxc1 Qf4 23.Bg5 Qd6 24.Rd1 Nc5 25.Rxd6 Nxb3 26.Rb6 Na5 27.Bf6 Bc5 
28.Ne5 Bxb6 29.Ng4 Rc8 30.Bg5 Bd8 0-1

[Event "Gipuzkoa ch"]
[Site "Donostia"]
[Date "2013.11.16"]
[Round "7"]
[White "Nogues Fernandez, Ramon"]
[Black "Burgana Lardizabal, Jose Angel"]
[Result "1-0"]
[WhiteElo "1934"]
[BlackElo "1769"]

1.Nf3 d5 2.c4 Nf6 3.cxd5 Qxd5 4.Nc3 Qd8 5.g3 g6 6.Bg2 Bg7 7.O-O O-O 8.d3 
c6 9.Rb1 Na6 10.b4 Nc7 11.b5 Nfd5 12.Nxd5 Qxd5 13.bxc6 Qxc6 14.Bb2 Rb8 15.
Qd2 Qd6 16.Rfc1 Ne6 17.Qa5 a6 18.Ba3 Qd7 19.Ne5 Qd8 20.Nc4 Nd4 21.Kf1 b5 
22.Qxd8 Rxd8 23.Bxe7 Bg4 24.f3 Re8 25.fxg4 Rxe7 26.e3 Rd8 27.exd4 bxc4 28.
Rxc4 Bxd4 29.Be4 Rd6 30.Kg2 Re5 31.Rb8+ Kg7 32.Rb7 Bb6 33.Rc1 Ra5 34.Rf1 
Rxa2+ 35.Kh3 Bf2 36.g5 a5 37.Rc1 Bb6 38.Rc6 Rxc6 39.Bxc6 Bd8 40.Bd5 Bxg5 
41.Bxa2 1-0

[Event "Gipuzkoa ch"]
[Site "Donostia"]
[Date "2013.11.16"]
[Round "7"]
[White "Cantabrana Garona, Alejandro"]
[Black "Elduayen Echave, Ramon"]
[Result "0-1"]
[WhiteElo "1789"]
[BlackElo "1704"]

1.d4 d6 2.c4 e5 3.dxe5 dxe5 4.Qxd8+ Kxd8 5.Bd2 c6 6.Nc3 Be6 7.e4 f6 8.h4 
h5 9.Nh3 Nh6 10.Be2 Nf7 11.f4 Kc7 12.f5 Bd7 13.Be3 Na6 14.Nf2 b6 15.Nd3 
Nb4 16.Nxb4 Bxb4 17.Rc1 Bxc3+ 18.Rxc3 c5 19.Kf2 Nd6 20.Bf3 Bc6 21.Re1 
Nxe4+ 22.Bxe4 Bxe4 23.Bxc5 Bxf5 24.Be3 Kb7 25.b4 Rac8 26.a4 Rhd8 27.c5 
bxc5 28.Bxc5 Bg4 29.Rec1 Rd2+ 30.Kg3 f5 31.R1c2 Rcd8 32.Bf2 f4+ 33.Kh2 
Rxc2 34.Rxc2 e4 35.b5 Rd1 36.Bc5 e3 37.a5 e2 38.a6+ Kb8 39.Bxa7+ Kxa7 40.
Rc7+ Kb6 41.Rb7+ Kc5 0-1

[Event "Gipuzkoa ch"]
[Site "Donostia"]
[Date "2013.11.16"]
[Round "7"]
[White "Izagirre Alsua, Aritz"]
[Black "Salterain Gonzalez, Galder"]
[Result "1/2-1/2"]
[WhiteElo "1925"]
[BlackElo "1939"]

1.e4 d6 2.d4 Nf6 3.Nc3 g6 4.Be2 Bg7 5.f4 O-O 6.h4 c5 7.d5 Na6 8.Nf3 Nc7 9.
a4 Rb8 10.Nh2 a6 11.a5 Nb5 12.Nxb5 axb5 13.Bf3 Ra8 14.Bd2 b4 15.c3 Rxa5 
16.cxb4 Rxa1 17.Qxa1 cxb4 18.Qa4 Nd7 19.Qxb4 Nc5 20.O-O e5 21.fxe5 Bxe5 
22.Bg5 Bf6 23.Qd2 Re8 24.Re1 Bxg5 25.hxg5 f6 26.Qd4 Re5 27.b4 Na6 28.gxf6 
Qxf6 29.Bg4 Qd8 30.Bxc8 Qxc8 31.Nf3 Re8 32.e5 1/2-1/2

[Event "Gipuzkoa ch"]
[Site "Donostia"]
[Date "2013.11.16"]
[Round "7"]
[White "Aizpurua Zufiria, Inaki"]
[Black "Izquierdo Arruferia, Joseba"]
[Result "0-1"]
[WhiteElo "1564"]
[BlackElo "1878"]

1.e4 e6 2.d4 d5 3.exd5 exd5 4.c4 Nf6 5.Nc3 Bb4 6.Nf3 O-O 7.Bd3 dxc4 8.Bxc4
Bg4 9.O-O c6 10.Be3 Nbd7 11.a3 Bd6 12.h3 Bh5 13.g4 Bg6 14.Nh4 Nb6 15.Nxg6 
hxg6 16.Ba2 Re8 17.Qd3 Bc7 18.Rae1 Qd6 19.f4 Nfd5 20.Bd2 Rxe1 21.Rxe1 Nxf4
22.Bxf4 Qxf4 23.Re2 Rf8 24.Rf2 Qg3+ 25.Qxg3 Bxg3 26.Rf3 Bh4 27.Ne4 Nd5 28.
Bxd5 cxd5 29.Nd6 Bf6 30.Rd3 b6 31.Nb5 a6 32.Nc3 Rd8 33.Kf2 Kf8 34.Ke2 Ke7 
35.Re3+ Kd6 36.Kd3 b5 37.b4 Rc8 38.Re2 Rc4 39.Rf2 Rxd4+ 40.Kc2 Rc4 0-1

[Event "Gipuzkoa ch"]
[Site "Donostia"]
[Date "2013.11.16"]
[Round "7"]
[White "Goni Garmendia, Aitor"]
[Black "Ezkerro Hernandez, Pablo"]
[Result "0-1"]
[WhiteElo "1769"]
[BlackElo "1772"]

1.e4 e6 2.d4 d5 3.exd5 exd5 4.c4 c6 5.cxd5 cxd5 6.Nf3 Bd6 7.Nc3 Ne7 8.Bg5 
Be6 9.Bb5+ Nbc6 10.Qa4 a6 11.Bxc6+ bxc6 12.O-O Qc7 13.Bxe7 Kxe7 14.Rfe1 
Rhb8 15.Rac1 Kf8 16.Qc2 Kg8 17.g3 h6 18.Ne5 c5 19.Na4 c4 20.f4 f6 21.Qg6 
Qa5 22.f5 Bxe5 23.dxe5 Bf7 24.Qg4 fxe5 25.f6 g6 26.Qh3 h5 27.g4 Qxa4 28.
gxh5 Qe8 29.hxg6 Bxg6 30.Rc3 Kf7 31.Rg3 Qe6 32.Qh6 Rg8 33.Qg5 Qb6+ 34.Ree3
Rae8 35.Qg4 Qa7 36.h4 d4 37.Ra3 d3+ 38.Kh2 Qf2+ 39.Rg2 Qf4+ 0-1